La isla de Pascua: Dominación y dominio
שמור ב:
| מחבר ראשי: | |
|---|---|
| פורמט: | ספר |
| שפה: | ספרדית אנגלית |
| יצא לאור: |
Santiago
Instituto Geográfico Militar
1939
|
| מהדורה: | 1a. ed |
| סדרה: | Publicaciones de la Academia Chilena de la Historia
|
| נושאים: | |
| תגים: |
הוספת תג
אין תגיות, היה/י הראשונ/ה לתייג את הרשומה!
|
MARC
| LEADER | 00000nam a2200000 a 4500 | ||
|---|---|---|---|
| 001 | UCJ4391 | ||
| 003 | CL-VaPUC | ||
| 008 | 070124e19390000CL |||||||||||||||||spa|d | ||
| 041 | 0 | 7 | |a spa |2 CL-VaPUC |
| 041 | 0 | 7 | |a eng |2 CL-VaPUC |
| 082 | 0 | 4 | |a 918.3 |b VER |2 21 |
| 100 | 0 | |a Vergara Márquez de la Plata, Víctor Manuel |e author |9 507981 | |
| 245 | 1 | 3 | |a La isla de Pascua: Dominación y dominio |
| 250 | |a 1a. ed | ||
| 300 | |a xiv, 254 p | ||
| 942 | |c BK | ||
| 945 | |d 20070124 00:00:00 |a rinostro | ||
| 260 | |a Santiago |b Instituto Geográfico Militar |c 1939 | ||
| 500 | |a Dos mapas y un croquis de la isla en front., p. 101 y 117 respectivamente; 61 anexos documentales | ||
| 500 | |a Muy meritorio estudio basado en copiosa documentación en gran parte inédita | ||
| 600 | 0 | 7 | |a DUTRON-BORNIER, JUAN BAUTISTA ONEZINE |2 CL-VaPUC |9 507982 |
| 600 | 0 | 7 | |a BRANDER, JOHN |2 CL-VaPUC |9 505254 |
| 600 | 0 | 7 | |a MERLET, ENRIQUE |2 CL-VaPUC |9 437818 |
| 600 | 0 | 7 | |a ROUSSEL, HIPOLITO |2 CL-VaPUC |9 507983 |
| 600 | 0 | 7 | |a ZUMBOHM, GASPAR |2 CL-VaPUC |9 507883 |
| 600 | 0 | 7 | |a SAGRADOS CORAZONES |2 CL-VaPUC |9 507984 |
| 600 | 0 | 7 | |a EYRAUD, EUGENIO |2 CL-VaPUC |9 507985 |
| 600 | 0 | 7 | |a TORO, POLICARPO |2 CL-VaPUC |9 507986 |
| 600 | 0 | 7 | |a COMPAÑIA EXPLOTADORA DE LA ISLA DE PASCUA |2 CL-VaPUC |9 507987 |
| 650 | 0 | |a Población |9 257577 | |
| 650 | 7 | |a COLONIZACION CHILENA |2 CL-VaPUC |9 507988 | |
| 650 | 7 | |a EVANGELIZACION |2 CL-VaPUC |9 507989 | |
| 650 | 0 | |a Misioneros |9 324171 | |
| 650 | 0 | |a Descubrimientos geográficos |9 331933 | |
| 650 | 0 | |a Clima |9 265281 | |
| 650 | 7 | |a FLORA |2 CL-VaPUC |9 264745 | |
| 650 | 7 | |a FAUNA |2 CL-VaPUC |9 349523 | |
| 650 | 0 | |a Esclavos |9 258558 | |
| 650 | 0 | |a Órdenes religiosas |9 257499 | |
| 650 | 0 | |a Derecho internacional |9 255637 | |
| 650 | 0 | |a Soberanía |9 266726 | |
| 650 | 7 | |a DOCUMENTOS |2 CL-VaPUC |9 366450 | |
| 650 | 0 | |a Mapas |9 260844 | |
| 650 | 7 | |a BIBLIOGRAFIA |2 CL-VaPUC |9 256175 | |
| 650 | 7 | |a PARQUES NACIONALES |2 CL-VaPUC |9 332012 | |
| 650 | 0 | |a Monumentos históricos |9 308710 | |
| 650 | 0 | |a Arqueología |9 265619 | |
| 650 | 7 | |a TOPONIMIA |2 CL-VaPUC |9 507990 | |
| 651 | 0 | |a Isla de Pascua |9 261357 | |
| 583 | |a last modification |c 20070124 00:00:00 |k Rodrigo Vera | ||
| 490 | 0 | |a Publicaciones de la Academia Chilena de la Historia | |
| 999 | |c 320507 |d 320505 | ||
| 952 | |0 0 |1 0 |4 0 |6 918_300000000000000_VER_1939 |7 0 |8 X |9 399042 |a FDOBUD |b FDOBUD |d 2019-11-22 |i 1017705 |o 918.3 VER 1939 |p 1017705 |r 2019-11-22 |w 2019-11-22 |y BK_X |k BUD | ||